<?xml version="1.0" encoding="UTF-8"?>
<collection xmlns="http://www.loc.gov/MARC21/slim">
<record>
  <controlfield tag="001">170692</controlfield>
  <controlfield tag="005">20260429150229.0</controlfield>
  <datafield tag="037" ind1=" " ind2=" ">
    <subfield code="a">TAZ-TFG-2026-338</subfield>
  </datafield>
  <datafield tag="041" ind1=" " ind2=" ">
    <subfield code="a">spa</subfield>
  </datafield>
  <datafield tag="100" ind1="1" ind2=" ">
    <subfield code="a">Lledó Vázquez, Gabriela Cristina</subfield>
  </datafield>
  <datafield tag="242" ind1="0" ind2="0">
    <subfield code="a">Digitalization and sustainability in Spanish wineries: a descriptive analysis of the degree of adoption of digital and environmental practices</subfield>
  </datafield>
  <datafield tag="245" ind1="0" ind2="0">
    <subfield code="a">Digitalización y sostenibilidad en las bodegas españolas: un análisis descriptivo del grado de adopción de prácticas digitales y ambientales</subfield>
  </datafield>
  <datafield tag="260" ind1=" " ind2=" ">
    <subfield code="a">Zaragoza</subfield>
    <subfield code="b">Universidad de Zaragoza</subfield>
    <subfield code="c">2026</subfield>
  </datafield>
  <datafield tag="506" ind1=" " ind2=" ">
    <subfield code="a">by-nc-sa</subfield>
    <subfield code="b">Creative Commons</subfield>
    <subfield code="c">3.0</subfield>
    <subfield code="u">http://creativecommons.org/licenses/by-nc-sa/3.0/</subfield>
  </datafield>
  <datafield tag="520" ind1=" " ind2=" ">
    <subfield code="a">Este trabajo analiza el grado de adopción de prácticas de digitalización y sostenibilidad en las bodegas españolas, con el objetivo de ofrecer una visión descriptiva del nivel de implantación de ambas dimensiones en el sector vitivinícola. &lt;br />Para realizar el análisis descriptivo, se ha elaborado una encuesta a través de la plataforma de Google Forms, la cual ha sido dirigida a las 688 bodegas españolas que conforman la población inicial. Tras este proceso se han obtenido un total de 285 respuestas válidas. &lt;br />Los resultados muestran que, la digitalización se concentra principalmente en áreas vinculadas a la comercialización y la relación con el mercado, como la venta online, mientras que otras áreas con un mayor potencial de mejora, como la gestión digital de procesos productivos, la logística o la coordinación del uso de recursos, presentan niveles de implantación más reducidos. &lt;br />En cuanto a la sostenibilidad, los resultados indican que algunas prácticas, como el uso de soluciones de packaging circular o la valorización de subproductos, están más extendidas, mientras que otras medidas clave, como la utilización de energías renovables o la gestión avanzada del agua, siguen siendo minoritarias.&lt;br />El trabajo aporta un diagnóstico del sector y pone de manifiesto la necesidad de seguir impulsando de forma integrada la digitalización y la sostenibilidad como elementos clave para la competitividad futura del sector vitivinícola español.&lt;br />&lt;br /></subfield>
  </datafield>
  <datafield tag="521" ind1=" " ind2=" ">
    <subfield code="a">Graduado en Administración y Dirección de Empresas</subfield>
  </datafield>
  <datafield tag="540" ind1=" " ind2=" ">
    <subfield code="a">Derechos regulados por licencia Creative Commons</subfield>
  </datafield>
  <datafield tag="856" ind1="0" ind2=" ">
    <subfield code="f">817926@unizar.es</subfield>
  </datafield>
  <datafield tag="856" ind1="4" ind2=" ">
    <subfield code="s">524426</subfield>
    <subfield code="u">http://zaguan.unizar.es/record/170692/files/TAZ-TFG-2026-338.pdf</subfield>
    <subfield code="y">Memoria (spa)</subfield>
  </datafield>
  <datafield tag="909" ind1="C" ind2="O">
    <subfield code="o">oai:zaguan.unizar.es:170692</subfield>
    <subfield code="p">driver</subfield>
    <subfield code="p">trabajos-fin-grado</subfield>
  </datafield>
  <datafield tag="950" ind1=" " ind2=" ">
    <subfield code="a"></subfield>
  </datafield>
  <datafield tag="691" ind1=" " ind2=" ">
    <subfield code="a">8 9 12</subfield>
  </datafield>
  <datafield tag="692" ind1=" " ind2=" ">
    <subfield code="a">Este trabajo contribuye a la sostenibilidad al analizar el grado de implantación de prácticas sostenibles en las bodegas españolas y su relación con la digitalización, aportando conocimiento sobre el compromiso del sector con modelos de producción más responsables y eficientes.</subfield>
  </datafield>
  <datafield tag="700" ind1=" " ind2=" ">
    <subfield code="a">Fernández Olmos, Marta</subfield>
    <subfield code="e">dir.</subfield>
  </datafield>
  <datafield tag="700" ind1=" " ind2=" ">
    <subfield code="a">Bernal Cuenca, María Estrella</subfield>
    <subfield code="e">dir.</subfield>
  </datafield>
  <datafield tag="710" ind1="2" ind2=" ">
    <subfield code="a">Universidad de Zaragoza</subfield>
    <subfield code="b">Dirección y Organización de Empresas</subfield>
    <subfield code="c">Organización de Empresas</subfield>
  </datafield>
  <datafield tag="980" ind1=" " ind2=" ">
    <subfield code="a">TAZ</subfield>
    <subfield code="b">TFG</subfield>
    <subfield code="c">ECON</subfield>
  </datafield>
  <datafield tag="999" ind1=" " ind2=" ">
    <subfield code="a">20260209120549.CREATION_DATE</subfield>
  </datafield>
  <datafield tag="951" ind1=" " ind2=" ">
    <subfield code="a">deposita:2026-04-29</subfield>
  </datafield>
</record>
</collection>